000 00465nam a2200157Ia 4500
003 OSt
005 20200706141028.0
008 190216s9999||||xx |||||||||||||| ||und||
040 _coclc
082 _a954.8
_bCHO/H
100 _aChopra, P N
_9632
245 0 _aHistory Of South India /
_cP N Chopra ; Ravindran ; Subrahmanian
260 _bS Chand & Co,
_c1979.
_aNew Delhi:
300 _a258p
942 _cBK
_2ddc
_h954.8
_iCHO/H
_k954.8
_mCHO/H
999 _c19453
_d19453